000 00726nam a2200193 i 4500
001 98150
003 ES-MaACL
007 t|
008 050726s1976 mx ||||1| spa d
100 1 _aMarsden, Jerrold E.
_977116
245 1 0 _aCálculo vectorial /
_cJerrold E. Marsden, Anthony J. Tromba; versión por Manuel López Mateos, Amaury Llamas Jimeno, Alejandro Hernández del Castillo.
260 _aMéxico :
_bFondo Educativo Interamericano,
_c1976.
300 _aX, 454 p. :
_bil. ;
_c24 cm.
700 1 _aTromba, Anthony J.
_9111489
700 1 _aLópez Mateos, Manuel.
_973766
700 1 _aLlamas Jimeno, Amaury.
_972668
700 1 _aHernández del Castillo, Alejandro.
_962925
852 _aES-MaACL
_jL-5350
_bR.105881
999 _c98150
_d98150